000 00637nam a22002177a 4500
003 UA-OsUOA
001 83387
007 ta
008 20120410b un ||||| |||| 00| 0 ukr d
100 _aФедоренко А.В.
090 _a330(477)
_bФ33
942 _cSA
040 _aUA-OsUOA
_bukr
_cUA-OsUOA
_dUA-OsUOA
245 _aЕкономічна складова накопичувальної пенсійної системи
300 _aС.89-99
955 _a0
041 _aukr
080 _a330(477)
773 0 _w83376
_tФінанси України
_dК.
_d2011
_g12
650 7 _a330 Економіка взагалі
_2UDC
999 _c369698
_d369698